000 00739 a2200229 4500
999 _c2380
_d2380
020 _a9781848606524 (cloth)
020 _a9781848606531 (paper)
050 0 0 _aHV6024.5 DAV 2011
100 _aDavies, Pamela
245 0 0 _aDoing criminological research /
_c[edited by] Pamela M. Davies, Peter Francis, Victor Jupp.
250 _a2nd ed.
264 _aLos Angeles
_bSAGE
_c2011
300 _axx, 367 p. :
_bill. ;
500 _aCriminology
504 _aIncludes bibliographical references and index.
650 0 _aCriminology
_xResearch.
700 1 _aDavies, Pamela,
_d1962-
700 1 _aFrancis, Peter,
_d1968-
700 1 _aJupp, Victor.
942 _2lcc
_cBK
_h6024.5
_iDAV
_kHV